000 00951 a2200217 4500
001 53090
005 20260407155804.0
008 260407a1970 arg spa d
003 AR-UNSa-BCEJYS
040 _aAR-UNSa-BCEJYS
_bspa
_cAR-UNSa-BCEJYS
080 _a338.2
_xPolítica económica. Control de la economía. Gestión de la economía. Planificación económica
245 1 0 _aPolítica antiinflacionaria en la Argentina, 1967-1970
264 1 _aBuenos Aires :
_bAmorrortu Editores
_c1970
300 _a135 p.
_c19 cm.
505 _a1. Introducción - 2. Antecedentes del plan, objetivos y restricciones - 3. El plan en sí. El período Krieger Vaena - 4. El plan en sí. El período Dagnino Patore - 5. Conclusiones.
041 _aspa
942 _cBK
590 _aniveau_biblio:m niveau_hierar:0
100 1 _aDe Pablo, Juan Carlos
856 4 1 _uhttps://www.biblioeco.unsa.edu.ar/pmb/images/libros/L128350.jpg
_yImagen de portada
_qimage/jpeg
999 _c5075
_d5075